<?xml version="1.0" encoding="UTF-8"?><?xml-stylesheet type="text/xsl" href="static/style.xsl"?><OAI-PMH xmlns="http://www.openarchives.org/OAI/2.0/" xmlns:xsi="http://www.w3.org/2001/XMLSchema-instance" xsi:schemaLocation="http://www.openarchives.org/OAI/2.0/ http://www.openarchives.org/OAI/2.0/OAI-PMH.xsd"><responseDate>2026-06-02T01:13:39Z</responseDate><request verb="GetRecord" identifier="oai:riuma.uma.es:10630/34519" metadataPrefix="marc">https://riuma.uma.es/rest/oai/request</request><GetRecord><record><header><identifier>oai:riuma.uma.es:10630/34519</identifier><datestamp>2026-02-03T11:13:20Z</datestamp><setSpec>com_10630_2254</setSpec><setSpec>col_10630_37953</setSpec></header><metadata><record xmlns="http://www.loc.gov/MARC21/slim" xmlns:dcterms="http://purl.org/dc/terms/" xmlns:doc="http://www.lyncode.com/xoai" xmlns:xsi="http://www.w3.org/2001/XMLSchema-instance" xsi:schemaLocation="http://www.loc.gov/MARC21/slim http://www.loc.gov/standards/marcxml/schema/MARC21slim.xsd">
   <leader>00925njm 22002777a 4500</leader>
   <datafield ind2=" " ind1=" " tag="042">
      <subfield code="a">dc</subfield>
   </datafield>
   <datafield ind2=" " ind1=" " tag="720">
      <subfield code="a">Zanolla-Balbuena, Maríanela Fernanda</subfield>
      <subfield code="e">author</subfield>
   </datafield>
   <datafield ind2=" " ind1=" " tag="720">
      <subfield code="a">Carmona-Fernández, Raquel</subfield>
      <subfield code="e">author</subfield>
   </datafield>
   <datafield ind2=" " ind1=" " tag="720">
      <subfield code="a">Mata, Leonardo</subfield>
      <subfield code="e">author</subfield>
   </datafield>
   <datafield ind2=" " ind1=" " tag="720">
      <subfield code="a">De la Rosa, Julio</subfield>
      <subfield code="e">author</subfield>
   </datafield>
   <datafield ind2=" " ind1=" " tag="720">
      <subfield code="a">Sherwood, Alison</subfield>
      <subfield code="e">author</subfield>
   </datafield>
   <datafield ind2=" " ind1=" " tag="720">
      <subfield code="a">Navarro Barranco, Carlos</subfield>
      <subfield code="e">author</subfield>
   </datafield>
   <datafield ind2=" " ind1=" " tag="720">
      <subfield code="a">Román Muñoz, Antonio</subfield>
      <subfield code="e">author</subfield>
   </datafield>
   <datafield ind2=" " ind1=" " tag="720">
      <subfield code="a">Altamirano-Jeschke, María</subfield>
      <subfield code="e">author</subfield>
   </datafield>
   <datafield ind2=" " ind1=" " tag="260">
      <subfield code="c">2022-02</subfield>
   </datafield>
   <datafield ind2=" " ind1=" " tag="520">
      <subfield code="a">Asparagopsis (Bonnemaisoniaceae, Rhodophyta) species are distributed in most temperate and tropical waters of the world, where they are considered an iconic invader. Despite a low number of species in the genus, Asparagopsis armata and A. taxiformis are considered species complexes, revealing remarkable genetic diversity in native and introduced distribution ranges. Macroscopic life stages that characterize the life cycle, gametophytes, and tetrasporophytes, present different morphologic, photosynthetic, physiological, and ecological features, which may aid in the course of an invasive process. Asparagopsis presence lowers diversity and abundance of native macroalgal communities. Despite hosting a relatively high number of epiphytes and epifauna, lower numbers are consistently found in these invasive species when compared to native flora. The chemical composition of A. armata and A. taxiformis and thus, its commercial applications have been studied since the 1970s. Recently, the discovery of its properties as a potent methane release inhibitor from ruminant animals has boosted a renewed scientific, media, and commercial interest in the genus. Sourcing biomass remains a challenge, and while techniques of cultivation are available, more needs to be done to reach the scale needed to fit such large-volume application. Much is yet to be expected from this red algal genus.</subfield>
   </datafield>
   <datafield ind1="8" ind2=" " tag="024">
      <subfield code="a">Zanolla, M., Carmona, R., Mata, L. et al. Concise review of the genus Asparagopsis Montagne, 1840. J Appl Phycol 34, 1–17 (2022). https://doi.org/10.1007/s10811-021-02665-z</subfield>
   </datafield>
   <datafield ind1="8" ind2=" " tag="024">
      <subfield code="a">https://hdl.handle.net/10630/34519</subfield>
   </datafield>
   <datafield ind1="8" ind2=" " tag="024">
      <subfield code="a">10.1007/s10811-021-02665-z</subfield>
   </datafield>
   <datafield tag="653" ind2=" " ind1=" ">
      <subfield code="a">Rodofíceas</subfield>
   </datafield>
   <datafield tag="653" ind2=" " ind1=" ">
      <subfield code="a">Algas marinas</subfield>
   </datafield>
   <datafield ind2="0" ind1="0" tag="245">
      <subfield code="a">Concise review of the genus Asparagopsis Montagne, 1840</subfield>
   </datafield>
</record>
</metadata></record></GetRecord></OAI-PMH>